004770000a22001330004500090001700000245009800017041001400115700004100129700004100170100003700211942001300248773006500261999001700326 aASbSeriadas10aNueva especie de Phyllomedusa wagler 1830 (Amphibia: Anura: Hylidae) del Noroeste de Colombia0 aEspañol1 aHernández Camacho, Jorge I.9410601 aRueda Almonacid, José Vicente96891 aRuíz Carranza, Pedro M.994187 cARTICULO1 tTrianeakActa Científica y Tecnológicah2q373-382d1988 c16167d16167